The old Spanish missions of California (Record no. 7660)

MARC details
000 -CABECERA
campo de control de longitud fija 00863nam a2200241 a 4500
001 - NÚMERO DE CONTROL
campo de control BRCA_7991
005 - FECHA Y HORA DE LA ÚLTIMA TRANSACCIÓN
campo de control 20190320210102.0
008 - DATOS DE LONGITUD FIJA--INFORMACIÓN GENERAL
campo de control de longitud fija 070414s1913----u--a###f##---#001-0#eng-#
041 ## - CÓDIGO DE LENGUA
Código de lengua del texto/banda sonora o título independiente eng
044 ## - CÓDIGO DEL PAÍS DE LA ENTIDAD EDITORA/PRODUCTORA
Código MARC del país u
050 #4 - SIGNATURA TOPOGRÁFICA DE LA BIBLIOTECA DEL CONGRESO
Número de clasificación F870
Número de documento/Ítem .EL37
-- 1913
100 1# - ENTRADA PRINCIPAL--NOMBRE DE PERSONA
Nombre de persona Elder, Paul
9 (RLIN) 19828
245 10 - MENCIÓN DE TÍTULO
Título The old Spanish missions of California
Resto del título an historical and descriptive sketch
Mención de responsabilidad, etc. by Paul Elder ; illustrated chiefly from photographs by Western Artists.
260 ## - PUBLICACIÓN, DISTRIBUCIÓN, ETC.
Lugar de publicación, distribución, etc. Estados Unidos
Nombre del editor, distribuidor, etc. Paul Elder Company Publisheers
Fecha de publicación, distribución, etc. 1913
300 ## - DESCRIPCIÓN FÍSICA
Extensión 89 p.
Otras características físicas fot.
Dimensiones 28 cm.
500 ## - NOTA GENERAL
Nota general Y127
650 14 - PUNTO DE ACCESO ADICIONAL DE MATERIA--TÉRMINO DE MATERIA
Término de materia o nombre geográfico como elemento de entrada Misiones españolas
Subdivisión geográfica California (Estados Unidos)
9 (RLIN) 19829
650 14 - PUNTO DE ACCESO ADICIONAL DE MATERIA--TÉRMINO DE MATERIA
Término de materia o nombre geográfico como elemento de entrada Arte colonial
Subdivisión de forma Edificios
Subdivisión geográfica California (Estados Unidos)
9 (RLIN) 19830
650 14 - PUNTO DE ACCESO ADICIONAL DE MATERIA--TÉRMINO DE MATERIA
Término de materia o nombre geográfico como elemento de entrada Arte colonal
Subdivisión de forma Historia
Subdivisión geográfica California (Estados Unidos)
9 (RLIN) 19831
710 2# - PUNTO DE ACCESO ADICIONAL--NOMBRE DE ENTIDAD CORPORATIVA
Nombre de entidad corporativa o nombre de jurisdicción como elemento de entrada Western Artists
9 (RLIN) 19832
902 ## - CATALOGADOR
Iniciales GFM
942 ## - ELEMENTOS DE PUNTO DE ACCESO ADICIONAL (KOHA)
Fuente del sistema de clasificación o colocación Library of Congress Classification
Tipo de ítem Koha Libros
Holdings
Estado de retiro Estado de pérdida Estado dañado No para préstamo Localización permanente Ubicación/localización actual Fecha de adquisición Número de inventario Total de préstamos Signatura topográfica completa Código de barras Fecha visto por última vez Precio válido a partir de Tipo de ítem Koha
El ejemplar forma parte de la colección y puede ser consultado según las políticas vigentes.       Biblioteca del Museo Franz Mayer (Rogerio Casas-Alatriste) Biblioteca del Museo Franz Mayer (Rogerio Casas-Alatriste) 13/03/2014 Y127   F870 .EL37 1913 (Y127) 8602 22/03/2019 22/03/2019 Libros